Filmszinkronizálás és műfordítás
Elmentve itt :
| Szerző: | |
|---|---|
| További közreműködők: | |
| Dokumentumtípus: | Szakdolgozat |
| Megjelent: |
1992
|
| Tárgyszavak: | |
| Online Access: | http://diploma.bibl.u-szeged.hu/42616 |
| LEADER | 00539nta a2200157 i 4500 | ||
|---|---|---|---|
| 001 | dipl42616 | ||
| 005 | 20140702102837.0 | ||
| 008 | 140702s1992 hu om 0|| zxx d | ||
| 040 | |a SZTE Diploma Repozitórium |b hun | ||
| 041 | |a zxx | ||
| 100 | 1 | |a Perlaki Miklós | |
| 245 | 1 | 0 | |a Filmszinkronizálás és műfordítás |h [elektronikus dokumentum] / |c Miklós Perlaki |
| 260 | |c 1992 | ||
| 650 | 4 | |a Bölcsészettudományok | |
| 700 | 1 | |a Ördög Ottó |e ths | |
| 856 | 4 | 0 | |u http://diploma.bibl.u-szeged.hu/id/eprint/42616/1/1992_perlaki_miklos.pdf |z Dokumentum-elérés |